000
00331nam a2200157Ia 4500
100
_a
Kolawole/Michael O
650
_a
Radar systems
942
_c
BK
366
_f
20
654
_a
radar
245
_a
Radar systems
260
_b
Oxford university press
_c
2009
082
_a
621.3848
_b
KOL
300
_a
474
546
_a
ENGLISH
999
_c
31841
_d
31841